OPAC Home

ශ්‍රී ලංකා ප්‍රජාතාන්ත්‍රික සමාජවාදී ජනරජයේ පාර්ලිමේන්තුව : 1986 අංක 2 දරණ පල්ලේබැද්දේ ශ්‍රී සංඛපාල රජමහ විහාර සංවර්ධන සභාව ( සංස්ථාගත කිරීමේ ) පනත (Record no. 68509)

MARC details
000 -LEADER
fixed length control field 00845nam a2200145Ia 4500
008 - FIXED-LENGTH DATA ELEMENTS--GENERAL INFORMATION
fixed length control field 180921t1986 xxu||||| ||||o00| 0 sin d
041 ## - LANGUAGE CODE
Language code of text/sound track or separate title Sinhala; Sinhalese
942 ## - ADDED ENTRY ELEMENTS (KOHA)
Koha item type Books
003 - CONTROL NUMBER IDENTIFIER
control field LK-CoDNM
040 ## - CATALOGING SOURCE
Original cataloging agency LK-CoDNM
Modifying agency LK-CoDNM
Description conventions LK-CoDNM
245 ## - TITLE STATEMENT
Title ශ්‍රී ලංකා ප්‍රජාතාන්ත්‍රික සමාජවාදී ජනරජයේ පාර්ලිමේන්තුව : 1986 අංක 2 දරණ පල්ලේබැද්දේ ශ්‍රී සංඛපාල රජමහ විහාර සංවර්ධන සභාව ( සංස්ථාගත කිරීමේ ) පනත
246 ## - VARYING FORM OF TITLE
Title proper/short title Sri Lanka Prajathantrika Samajavadi Janarajaye Parlimenthuwa : 1986 Anka 2 Darana Pallebadde Sri Sankapala Rajamaha Vihara Sanwardhana Sabawa ( Sansthagatha Kirime ) Panatha
260 ## - PUBLICATION, DISTRIBUTION, ETC. (IMPRINT)
Date of publication, distribution, etc. 1986
300 ## - PHYSICAL DESCRIPTION
Extent 28 cm
Holdings
Withdrawn status Lost status Damaged status Not for loan Collection code Permanent Location Current Location Date acquired Barcode Koha item type
        Government Publications Library National Museum Colombo - Sri Lanka Library National Museum Colombo - Sri Lanka 2014-03-04 133773-11 Books
Copyright © 2023 Department of National Museum, Colombo 07, Sri Lanka Funded by UNESCO IFAP UNESCO